000 00299nam a2200121Ia 4500
008 220204s9999 xx 000 0 und d
082 _a339.564
_bPAR
100 _aPARAS RAM
245 0 _aExport : What, where, how
260 _aDelhi
_bAnupama pub
_c1974
650 _aExport procedures
942 _cBK
999 _c24715
_d24715